Statistics for Oceanian Country Shapes

Click here to take the quiz!

General Stats

  • This quiz has been taken 103 times
    (43 since last reset)
  • The average score is 10 of 14

Answer Stats

Answer% Correct
Australia
100%
New Zealand
100%
Papua New Guinea
96%
Nauru
79%
Federated States Of Micronesia
75%
Fiji
75%
Samoa
75%
Solomon Islands
63%
Vanuatu
63%
Kiribati
58%
Tuvalu
58%
Tonga
54%
Marshall Islands
50%
Palau
50%

Score Distribution

Percentile by Number Answered

Percent of People with Each Score

Your Score History

You have not taken this quiz since the last reset